LDR 00642naa#a2200205#i#450# 001 EN\\bibl\117265 005 20260502135540.6 011 ## _a0320-3557 100 ## _a20251220b2025####ek#y0engy0150####ca 101 0# _aENG 102 ## _aRU 200 1# _aACTINOMYCETES IN THE BOTTOM SEDIMENTS OF LAKE KHARA-US-NUUR IN MONGOLIA _eJournal article 210 1# _aBorok _cPapanin Institute for Biology of Inland Waters Russian Academy of Sciences _d2025 215 ## _a4 с. 608 ## _aJournal article _2local 675 ## _aГрибы. 632.937.14 _zENG 700 #1 _aNorovsuren _gJ. 700 #1 _aBurmaa _gZ. 700 #1 _aFilimonova _gM. N. 856 4# _aibiw.editorum.ru _u